A voyage to modernism / (Record no. 80923)
[ view plain ]
| 000 -LEADER | |
|---|---|
| fixed length control field | 00720nam a22002177a 4500 |
| 005 - DATE AND TIME OF LATEST TRANSACTION | |
| control field | 20180115132612.0 |
| 010 ## - LCCN (DPL NO) | |
| LC control number | ENG-121559 |
| 020 ## - INTERNATIONAL STANDARD BOOK NUMBER | |
| International Standard Book Number | 9789380607078 |
| Terms of availability | 950.00 |
| 035 ## - SYSTEM CONTROL NUMBER | |
| System control number | EN-105091 |
| 037 ## - SOURCE OF ACQUISITION | |
| Source of stock number/acquisition | DBAD/PUB |
| 082 ## - DEWEY DECIMAL CLASSIFICATION NUMBER | |
| Classification number | 914.210481 |
| 100 ## - MAIN ENTRY--PERSONAL NAME | |
| Personal name | Khan, Syed Ahmed |
| 245 ## - TITLE STATEMENT | |
| Title | A voyage to modernism / |
| Statement of responsibility, etc | by Syed Ahmed Khan, translated and edited by Mushirul Hasan; Nishat Zaidi |
| 260 ## - PUBLICATION, DISTRIBUTION, ETC. (IMPRINT) | |
| Place of publication, distribution, etc | Delhi |
| Name of publisher, distributor, etc | Primus Books |
| Date of publication, distribution, etc | 2011 |
| 270 ## - ADDRESS | |
| Address | An Imprint of Ratna Sagar P.Ltd. Virat Bhavan, Mukherjee Nagar Commercial Complex, |
| City | Delhi |
| Postal code | 110009 |
| 300 ## - PHYSICAL DESCRIPTION | |
| Extent | 252p. |
| Dimensions | 23cm(Hb) |
| 500 ## - GENERAL NOTE | |
| General note | Includes index. |
| 700 ## - ADDED ENTRY--PERSONAL NAME | |
| Personal name | Hasan, Mushirul |
| 700 ## - ADDED ENTRY--PERSONAL NAME | |
| Personal name | Zaidi, Nishat |
| 942 ## - ADDED ENTRY ELEMENTS (KOHA) | |
| Source of classification or shelving scheme | Dewey Decimal Classification |
| Item type | English Books |
| Classification part | 914.210481 |
| Call number suffix | KHA |
| Withdrawn status | Lost status | Not for loan | Collection code | Home library | Current library | Date acquired | Source of acquisition | Cost, normal purchase price | Full call number | Barcode | Copy number | Cost, replacement price | Koha item type |
|---|---|---|---|---|---|---|---|---|---|---|---|---|---|
| Not For Loan | Non-fiction | D.B.Act.Division | Bawana | 22/11/2017 | DBAD/PUB | 950.00 | 914.210481 KHA | EN-105091 | 1 | 950.00 | English Books | ||
| D.B.Act.Division | Bawana | 03/12/2018 | 914.210481 KHA | English Books |
